[Event "WC-2011-F-00001"]
[Site "LSS email"]
[Date "2011.11.23"]
[Round "?"]
[White "Noire, Eric"]
[Black "Sukhodolsky, Alexandr"]
[Result "0-1"]
[WhiteElo "2242"]
[BlackElo "2362"]
[PlyCount "86"]
[EventDate "2011.12.01"]
[EventType "tourn (corr)"]
[EventRounds "14"]
[EventCountry "GER"]
[SourceTitle "Telechess CBM 163"]
[Source "ChessBase"]
[SourceDate "2014.11.11"]
[SourceVersion "2"]
[SourceVersionDate "2014.11.11"]
[SourceQuality "1"]

1. d4 d5 2. Nf3 Nf6 3. e3 e6 4. Bd3 c5 5. b3 Nc6 6. 0-0 Bd6 7. Bb2 0-0 8. dxc5 Bxc5 9. a3 Qe7 10. b4 Bd6 11. Nbd2 e5 12. c4 e4 13. Bxf6 Qxf6 14. Bxe4 dxe4 15. Nxe4 Bxh2+ 16. Nxh2 Qg6 17. Ng3 Rd8 18. Qh5 Qxh5 19. Nxh5 Be6 20. c5 b5 21. cxb6 axb6 22. Rfc1 Ne5 23. Nf4 Bb3 24. Nf3 Nxf3+ 25. gxf3 Kf8 26. Rc3 Ba4 27. Rac1 g5 28. Ne2 Ke7 29. Rc7+ Rd7 30. f4 gxf4 31. Nxf4 Kd6 32. Rxd7+ Bxd7 33. Rd1+ Kc6 34. b5+ Kc7 35. Nd5+ Kb7 36. Nxb6 Rg8+ 37. Kh2 Bxb5 38. Nd5 Rg5 39. e4 Re5 40. f3 f5 41. f4 Rxe4 42. Nc3 Rxf4 43. Nxb5 Kb6 0-1

[Event "WC-2011-F-00001"]
[Site "LSS email"]
[Date "2011.11.23"]
[Round "?"]
[White "Pappier, Carlos Guillermo"]
[Black "Sukhodolsky, Alexandr"]
[Result "1/2-1/2"]
[WhiteElo "2480"]
[BlackElo "2362"]
[PlyCount "120"]
[EventDate "2011.12.01"]
[EventType "tourn (corr)"]
[EventRounds "14"]
[EventCountry "GER"]
[SourceTitle "Telechess CBM 163"]
[Source "ChessBase"]
[SourceDate "2014.11.11"]
[SourceVersion "2"]
[SourceVersionDate "2014.11.11"]
[SourceQuality "1"]

1. d4 d5 2. c4 c6 3. Nf3 Nf6 4. Nc3 e6 5. Bg5 h6 6. Bh4 dxc4 7. e4 g5 8. Bg3 b5 9. e5 Nd5 10. Nd2 Qa5 11. Nde4 Nd7 12. Be2 b4 13. Nxd5 cxd5 14. Nd6+ Bxd6 15. exd6 f5 16. Bh5+ Kd8 17. 0-0 f4 18. Bxf4 gxf4 19. Qg4 Bb7 20. Qg7 Rf8 21. Rfe1 Kc8 22. Rxe6 Rd8 23. Qxh6 Bc6 24. Qxf4 Kb7 25. Qd2 Nb6 26. Re7+ Ka6 27. Qf4 Nc8 28. Re6 Bd7 29. Re5 Nb6 30. h4 Rf8 31. Qd2 Rf6 32. Be2 Kb7 33. h5 c3 34. bxc3 bxc3 35. Qe3 Rc8 36. Re7 Qb4 37. Qe5 Qb2 38. Rf1 Rcf8 39. Rxd7+ Nxd7 40. Qxd5+ Kb8 41. Qc6 Rc8 42. Qxd7 c2 43. Kh2 Qxd4 44. Qb5+ Ka8 45. Kh3 Rc3+ 46. g3 Rxd6 47. Qe8+ Kb7 48. Rc1 Rdc6 49. a4 a6 50. Qf7+ Kb8 51. Kg2 Rf6 52. Qe8+ Kc7 53. Qe7+ Kc6 54. Qe8+ Kc5 55. Qe7+ Qd6 56. Qxd6+ Kxd6 57. g4 Ke5 58. g5 Rf5 59. Kf1 Rxg5 60. Ke1 Kd4 1/2-1/2

[Event "WC-2011-F-00001"]
[Site "LSS email"]
[Date "2011.11.23"]
[Round "?"]
[White "Schuster, Peter"]
[Black "Sukhodolsky, Alexandr"]
[Result "1/2-1/2"]
[WhiteElo "2391"]
[BlackElo "2362"]
[PlyCount "56"]
[EventDate "2011.12.01"]
[EventType "tourn (corr)"]
[EventRounds "14"]
[EventCountry "GER"]
[SourceTitle "Telechess CBM 163"]
[Source "ChessBase"]
[SourceDate "2014.11.11"]
[SourceVersion "2"]
[SourceVersionDate "2014.11.11"]
[SourceQuality "1"]

1. Nf3 Nf6 2. c4 e6 3. g3 d5 4. Bg2 Be7 5. 0-0 0-0 6. d4 dxc4 7. Qc2 a6 8. a4 Nc6 9. Qxc4 Qd5 10. Qxd5 exd5 11. Bf4 Bd8 12. a5 Re8 13. Nc3 h6 14. h4 Bf5 15. Rfd1 Ne7 16. Ne5 c6 17. Bf3 Ng6 18. Nxg6 Bxg6 19. Kg2 Bf5 20. Bd6 g5 21. hxg5 hxg5 22. e3 Re6 23. Bb4 Bc7 24. Rh1 Kg7 25. Be2 Ree8 26. Na4 Ne4 27. g4 Bg6 28. Rag1 Rad8 1/2-1/2

[Event "LSS WC-2012-T-00002"]
[Site "LSS email"]
[Date "2010.12.19"]
[Round "?"]
[White "Schuster, Peter"]
[Black "Sukhodolsky, Alexandr"]
[Result "1-0"]
[WhiteElo "2391"]
[BlackElo "2362"]
[PlyCount "79"]
[EventDate "2010.12.18"]
[EventType "tourn (corr)"]
[EventRounds "10"]
[EventCountry "GER"]
[SourceTitle "Telechess CBM 161"]
[Source "ChessBase"]
[SourceDate "2014.07.16"]
[SourceVersion "1"]
[SourceVersionDate "2014.07.16"]
[SourceQuality "1"]

1. d4 d5 2. e4 dxe4 3. Nc3 Nf6 4. f3 exf3 5. Nxf3 e6 6. Bg5 Be7 7. Qd2 0-0 8. Bd3 c5 9. 0-0-0 Nbd7 10. Rhf1 cxd4 11. Nxd4 Nc5 12. Qe2 h6 13. Bh4 Nd5 14. Bxe7 Nxe7 15. Bc4 Qb6 16. g4 Ng6 17. h4 Bd7 18. h5 Ne7 19. Rg1 f6 20. Ne4 Nc6 21. Nxc5 Qxc5 22. Bxe6+ Bxe6 23. Qxe6+ Kh8 24. Nxc6 bxc6 25. Qd6 Qb6 26. Rge1 Rfd8 27. Qe6 Rxd1+ 28. Rxd1 Rd8 29. Rxd8+ Qxd8 30. c3 c5 31. a4 Qa8 32. b3 Qg2 33. Qc8+ Kh7 34. Qf5+ Kg8 35. Qxc5 Qxg4 36. Qd5+ Kh7 37. c4 Qg1+ 38. Kb2 Qf2+ 39. Ka3 Qe1 40. a5 1-0

[Event "LSS WC-2011-T-00002"]
[Site "LSS email"]
[Date "2010.06.10"]
[Round "?"]
[White "Baklanov, Valentin Petrovich"]
[Black "Sukhodolsky, Alexandr"]
[Result "1/2-1/2"]
[WhiteElo "2367"]
[BlackElo "2323"]
[PlyCount "89"]
[EventDate "2010.06.15"]
[EventType "tourn (corr)"]
[EventRounds "10"]
[EventCountry "GER"]
[EventCategory "4"]
[SourceTitle "Corr 2013"]
[Source "ChessBase"]
[SourceDate "2012.11.12"]
[SourceVersion "1"]
[SourceVersionDate "2012.11.12"]
[SourceQuality "1"]
[WhiteTeam "US of America"]
[BlackTeam "US of America"]
[WhiteTeamCountry "USA"]
[BlackTeamCountry "USA"]

1. e4 c5 2. Nf3 Nc6 3. d4 cxd4 4. Nxd4 Nf6 5. Nc3 e5 6. Ndb5 d6 7. Bg5 a6 8. Na3 b5 9. Bxf6 gxf6 10. Nd5 f5 11. Bd3 Be6 12. 0-0 Bxd5 13. exd5 Ne7 14. Re1 Bg7 15. c3 0-0 16. Qh5 e4 17. Bf1 Re8 18. Nc2 Nxd5 19. Qxf5 Re5 20. Qg4 h5 21. Qd1 Qb6 22. Qd4 Qxd4 23. Nxd4 b4 24. c4 Nf4 25. Rad1 Nd3 26. Bxd3 exd3 27. Rxe5 dxe5 28. Nc6 e4 29. f3 Re8 30. fxe4 Rxe4 31. Nxb4 Bd4+ 32. Kf1 Bxb2 33. Nxd3 Ba3 34. c5 Rc4 35. Rb1 Bxc5 36. Rb8+ Bf8 37. Ra8 Rd4 38. Ne5 Rf4+ 39. Kg1 Kg7 40. Nd7 Ba3 41. Rxa6 Bb2 42. g3 Bd4+ 43. Kg2 Rf2+ 44. Kh1 Rf1+ 45. Kg2 1/2-1/2

[Event "LSS WC-2011-T-00002"]
[Site "LSS email"]
[Date "2010.06.10"]
[Round "?"]
[White "Myers, David Robert"]
[Black "Sukhodolsky, Alexandr"]
[Result "1/2-1/2"]
[WhiteElo "2352"]
[BlackElo "2323"]
[PlyCount "83"]
[EventDate "2010.06.15"]
[EventType "tourn (corr)"]
[EventRounds "10"]
[EventCountry "GER"]
[EventCategory "4"]
[SourceTitle "Telechess CBM 147"]
[Source "ChessBase"]
[SourceDate "2012.03.16"]
[SourceVersion "1"]
[SourceVersionDate "2012.03.16"]
[SourceQuality "1"]

1. Nf3 d5 2. g3 Nf6 3. Bg2 c6 4. d3 Bf5 5. 0-0 e6 6. Nbd2 h6 7. Qe1 Be7 8. e4 Bh7 9. Ne5 Qc7 10. f4 0-0 11. a4 Nbd7 12. Nxd7 Nxd7 13. Qe2 Rad8 14. Kh1 Rfe8 15. b3 e5 16. f5 Bb4 17. Bb2 Qa5 18. Nb1 Nf6 19. c3 Bd6 20. Nd2 Bf8 21. b4 Qa6 22. Rfe1 Qb6 23. Nb3 Rd7 24. a5 Qb5 25. Qc2 dxe4 26. dxe4 Qd3 27. Qxd3 Rxd3 28. Bf1 Rd7 29. b5 g6 30. a6 gxf5 31. exf5 Bxf5 32. Bg2 bxa6 33. bxc6 Rc7 34. c4 Ng4 35. Bc3 Nf2+ 36. Kg1 Nd3 37. Rf1 Be6 38. Bd5 Bb4 39. Rad1 Bxc3 40. Rxd3 Bb4 41. Ra1 Kg7 42. Rxa6 1/2-1/2